000 00637nam a2200253Ia 4500
005 20260121153839.0
008 008 260114s9999 xx 000 0 eng d
020 _a9781936331710
037 _aEBOOK
040 _aCRL
040 _beng
040 _cCRL
041 _2eng
041 _aeng
084 _qCRL
100 _aMichael A. Toman; Ujjayant Chakravorty; Shreekant Gupta
_9999862
245 0 _aIndia and Global Climate Change
260 _bTaylor and Francis
260 _c2003
856 _uhttp://www.taylorfrancis.com/books/9781936331710
942 _cEBOOK
999 _c1566683
_d1566683